Čím nahradit elektrárny spalujíci zemní plyn?
Vysoká cena zemného plynu v strednej Európe spôsobuje vysoké ceny elektriny, lebo plynové elektrárne v Nemecku do veľkej miery nahradili uhoľné a vďaka svojej flexibilite zaisťujú rovnováhu výroby a spotreby elektriny. V Nemecku sú tzv. závernými elektrárňami, čo sa už vníma ako neudržiteľné. V ČR b...
Salvato in:
| Autore principale: | |
|---|---|
| Natura: | Capitolo di libro |
| Lingua: | ceco |
| Soggetti: | |
| Tags: |
Nessun Tag, puoi essere il primo ad aggiungerne!!
|
MARC
| LEADER | 00000naa a2200000 4500 | ||
|---|---|---|---|
| 001 | 0289609 | ||
| 005 | 20240417075222.5 | ||
| 041 | 0 | |a cze | |
| 044 | |a CZ | ||
| 245 | 1 | 0 | |a Čím nahradit elektrárny spalujíci zemní plyn? |c M. Vítek |
| 520 | |a Vysoká cena zemného plynu v strednej Európe spôsobuje vysoké ceny elektriny, lebo plynové elektrárne v Nemecku do veľkej miery nahradili uhoľné a vďaka svojej flexibilite zaisťujú rovnováhu výroby a spotreby elektriny. V Nemecku sú tzv. závernými elektrárňami, čo sa už vníma ako neudržiteľné. V ČR bola a je situácia odlišná. | ||
| 610 | 2 | 0 | |a elektrárne |
| 610 | 2 | 0 | |a plyn zemný |
| 610 | 2 | 0 | |a ceny |
| 610 | 2 | 0 | |a Česko |
| 610 | 2 | 0 | |a Nemecko |
| 610 | 2 | 0 | |a uhlie |
| 610 | 2 | 0 | |a energetika |
| 100 | 1 | |a Vítek, M. | |